000 007090000a22001930004500
020 _a958-701-246-1
041 0 _aSPA
082 0 4 _aG 378.8 C617r
245 1 0 _aReflexiones en educación universitaria II : Evaluación / Nohra Madiedo Clavijo, Análida Elizabeth Pinilla Roa, Jacinto Sánchez Angarita, Editores
260 _aBogotá, Colombia : Universidad Nacional de Colombia
300 _a213 Pag
500 _aGrupo de apoyo pedagógico y formación docente . Facultad de Medicina. Universidad Nacional de Colombia
650 1 4 _aEDUCACION SUPERIOR
001 7876
942 _cBK
999 _c38078
_d38078
336 _atexto
_btxt
_2rdacontent
337 _2rdamedia
_asin mediación
_bn
338 _2rdacarrier
_avolumen
_bnc